Globalization: debts, arms and reforms in South Asia (Record no. 403603)

000 -LEADER
fixed length control field 00514cam a22001697a 4500
008 - FIXED-LENGTH DATA ELEMENTS--GENERAL INFORMATION
fixed length control field 180718b2005 xxu||||| |||| 00| 0 eng d
020 ## - INTERNATIONAL STANDARD BOOK NUMBER
International Standard Book Number 8180691543
082 ## - DEWEY DECIMAL CLASSIFICATION NUMBER
Classification number T39 J199
100 ## - MAIN ENTRY--PERSONAL NAME
Personal name Jain, Sures Chandra
245 ## - TITLE STATEMENT
Title Globalization: debts, arms and reforms in South Asia
Statement of responsibility, etc. by Sures Chandra Jain
260 ## - PUBLICATION, DISTRIBUTION, ETC.
Place of publication, distribution, etc. New Delhi
Name of publisher, distributor, etc. Concept
Date of publication, distribution, etc. 2005
300 ## - PHYSICAL DESCRIPTION
Extent 183p.
650 ## - SUBJECT ADDED ENTRY--TOPICAL TERM
Topical term or geographic name entry element South Asia - Armed Forces
650 ## - SUBJECT ADDED ENTRY--TOPICAL TERM
Topical term or geographic name entry element Debts, External - South Asia
650 ## - SUBJECT ADDED ENTRY--TOPICAL TERM
Topical term or geographic name entry element South Asia - Economic policy
650 ## - SUBJECT ADDED ENTRY--TOPICAL TERM
Topical term or geographic name entry element Globalization
Holdings
Withdrawn status Lost status Damaged status Not for loan Permanent Location Current Location Date acquired Full call number Barcode Date last seen Price effective from Koha item type
        Indian Institute of Public Administration Indian Institute of Public Administration 2005-03-17 T39 J199 80003 2018-07-21 2018-07-21 Book

Powered by Koha